000 00761nam a2200229Ia 4500
005 20230411123420.0
008 131103s9999 xx 000 0 und d
020 _a8170334071
_cRs.650
040 _aLoreto College
041 _aEnglish
082 _a338.9
_bMEH
245 _aPoverty,Population and sustainable development
_b essays in honour of professor Victor S.D'Souza
_cedited by S.R.Mehta
260 _aJaipur
_bRawat Publication
_c1997
300 _axii,430 p.
_b illus.,maps,tables
504 _aIncludes bibliographical references
630 _aSocial Problems and Services
650 _aMeasures to prevent,protect against limit effects of poverty
651 _aSocial Science
700 _aMehta,S.R.,ed.
850 _aLCLIB
942 _cBK
999 _c11521
_d62000